00825nam a22002657a 45000010005000000030009000050050017000140070005000310080030000360400022000660920015000881000033001032450114001362460014002502600033002643000026002977000020003237000029003439100008003729420012003809450028003929520104004209560020005249990015005440154DO-SdBNP20180307132304.00154151005b 1969 xxu 00| 0 spa d aBPMSUbspacBPMSU aXXXXbXXXX1 aAñorga Larralde, Joaquín10aLibro de lectura para el quinto grado /cJoaquín Añorga Larralde, Osiris de Oleo, Luis V. Concepción C.12aLectura 5 aNew York :bMinerva, c1969. a207 p. :bil.c22 cm. aOleo, Osiris de aConcepción C., Luis V. a202 2ddccBK ainventariado, 2018 / dg 00102ddc4070aBPMETbBPMETd2016-03-09eDonaciónl0pBPMSU16030026r2016-03-09w2016-03-09yBK aYngrid Lockward c9165d9165